| 000 | 00853nam a2200217Ia 4500 | ||
|---|---|---|---|
| 001 | 2062 | ||
| 005 | 20260422113618.0 | ||
| 008 | 260306t2012||||xx |||||||||||||| ||spa|| | ||
| 041 | _aESP | ||
| 082 |
_a612 _bB24 |
||
| 100 |
_aBarrett, Kim E. _eAUT |
||
| 245 | 0 | _aGanong, fisiología médica | |
| 260 | _c2012 | ||
| 300 |
_a752 páginas : _c29 cm. |
||
| 650 | _aGEN | ||
| 654 | _aCPS | ||
| 856 |
_uhttps://0u216xhg7-y-https-accessmedicina-mhmedical-com.itmsp.museknowledge.com/book.aspx?bookid=3589 _zVersión digital (2025) |
||
| 856 |
_uhttps://0u216xhg7-y-https-accessmedicina-mhmedical-com.itmsp.museknowledge.com/ _zVéase además: Base de datos McGraw Hill Access Medicina |
||
| 856 |
_uhttps://0u23fxhjy-y-https-www-clinicalkey-com.itmsp.museknowledge.com/student/login _zVéase además: Base de datos ClinicalKey |
||
| 942 |
_cLIB _dJUS _fJUS _2ddc |
||
| 999 |
_c2062 _d2062 |
||